[Event "Budapest FS03 IM"]
[Site "Budapest"]
[Date "2024.03.11"]
[Round "8"]
[White "Franchini, Gabriele"]
[Black "Leszko, Bence"]
[Result "1-0"]
[WhiteElo "2173"]
[BlackElo "2260"]
[PlyCount "101"]
[EventDate "2024.03.02"]
[EventType "tourn"]
[EventRounds "9"]
[EventCountry "HUN"]
[SourceTitle "CB12_2024"]
[SourceDate "2023.10.01"]
[SourceVersion "1"]
[SourceVersionDate "2023.10.01"]
[SourceQuality "1"]

1. e4 e5 2. Nf3 Nc6 3. d4 exd4 4. Nxd4 Qf6 5. Nb3 Qg6 6. f3 b6 7. Be3 Bb7 8. Qd2 0-0-0 9. Nc3 Bb4 10. 0-0-0 Nge7 11. h4 h5 12. Bd3 Ne5 13. Bf4 Nxd3+ 14. Qxd3 d5 15. Nb5 Bd6 16. Bxd6 Rxd6 17. Nxd6+ Qxd6 18. exd5 Bxd5 19. Qa6+ Kb8 20. Rhe1 Qf4+ 21. Kb1 Bb7 22. Qd3 Nf5 23. Qd7 Bc8 24. Qxf7 Qxh4 25. Re8 Nd6 26. Qe7 Qxe7 27. Rxe7 Nf5 28. Re2 g5 29. Nd4 g4 30. Nxf5 Bxf5 31. Re5 Bc8 32. fxg4 hxg4 33. b3 a5 34. a4 Bb7 35. Rd2 Rh1+ 36. Kb2 Rh8 37. Rg5 Bc8 38. Rg7 Re8 39. Rf2 Re5 40. Kc3 Kb7 41. Kd4 Rc5 42. c4 Rc6 43. Rf8 Rc5 44. Rf6 Rh5 45. Ke3 Re5+ 46. Kf4 Re2 47. Rff7 Rxg2 48. Rxc7+ Kb8 49. Rc6 Rf2+ 50. Ke5 Re2+ 51. Kd4 1-0

[Event "Budapest Vezerkepzo IM 12"]
[Site "Budapest"]
[Date "2023.12.17"]
[Round "4"]
[White "Apoorv, Kamble"]
[Black "Leszko, Bence"]
[Result "1/2-1/2"]
[WhiteElo "2129"]
[BlackElo "2262"]
[PlyCount "26"]
[EventDate "2023.12.14"]
[EventType "tourn"]
[EventRounds "9"]
[EventCountry "HUN"]
[SourceTitle "CB52_2023"]
[SourceDate "2023.12.27"]
[SourceVersion "1"]
[SourceVersionDate "2023.12.27"]
[SourceQuality "1"]

1. e4 e6 2. d4 d5 3. Nd2 c5 4. exd5 Qxd5 5. dxc5 Qxc5 6. Ngf3 Nf6 7. Bd3 Qc7 8. 0-0 Nbd7 9. Qe2 Be7 10. Ne4 Nxe4 11. Qxe4 Nc5 12. Bb5+ Bd7 13. Bxd7+ Qxd7 1/2-1/2

[Event "Budapest Vezerkepzo IM 12"]
[Site "Budapest"]
[Date "2023.12.16"]
[Round "3"]
[White "Leszko, Bence"]
[Black "Li, Guohao"]
[Result "1/2-1/2"]
[WhiteElo "2262"]
[BlackElo "2233"]
[PlyCount "92"]
[EventDate "2023.12.14"]
[EventType "tourn"]
[EventRounds "9"]
[EventCountry "HUN"]
[SourceTitle "CB52_2023"]
[SourceDate "2023.12.27"]
[SourceVersion "1"]
[SourceVersionDate "2023.12.27"]
[SourceQuality "1"]

1. e4 c5 2. Nf3 d6 3. Bb5+ Bd7 4. Bxd7+ Qxd7 5. c4 g6 6. d4 cxd4 7. Qxd4 Nf6 8. 0-0 Bg7 9. Nc3 0-0 10. h3 Nc6 11. Qd3 Rfc8 12. Rd1 Qd8 13. Qe2 Nd7 14. Be3 Bxc3 15. bxc3 Qc7 16. c5 dxc5 17. Bg5 Nf8 18. Bh4 Rd8 19. Bg3 Qa5 20. Qc4 Ne6 21. Rd5 b5 22. Qb3 b4 23. Ne5 Nxe5 24. Bxe5 bxc3 25. Bxc3 Qa6 26. Rad1 Rdb8 27. Qc2 Qc4 28. R1d2 Rb7 29. f4 Rab8 30. Be5 Qxc2 31. Rxc2 Re8 32. f5 Ng5 33. Rdxc5 f6 34. Rc8 Rxc8 35. Rxc8+ Kf7 36. Bd4 Nxe4 37. fxg6+ hxg6 38. Ra8 Rb1+ 39. Kh2 e5 40. Rxa7+ Ke6 41. Be3 g5 42. a4 f5 43. Ra6+ Kf7 44. Ra7+ Kg6 45. Ra6+ Kf7 46. Ra7+ Ke6 1/2-1/2

[Event "Hvar op"]
[Site "Hvar"]
[Date "2023.10.21"]
[Round "9"]
[White "Leszko, Bence"]
[Black "Faukovic, Matija"]
[Result "1-0"]
[WhiteElo "2218"]
[BlackElo "2042"]
[PlyCount "81"]
[EventDate "2023.10.15"]
[EventType "swiss"]
[EventRounds "9"]
[EventCountry "CRO"]
[SourceTitle "Mega2024 Update 01"]
[Source "Chessbase"]
[SourceDate "2023.11.12"]
[SourceVersion "1"]
[SourceVersionDate "2023.11.12"]
[SourceQuality "1"]

1. e4 c5 2. Nf3 d6 3. d4 cxd4 4. Nxd4 Nf6 5. Nc3 g6 6. Be3 Bg7 7. f3 0-0 8. Qd2 Nc6 9. 0-0-0 d5 10. Nxc6 bxc6 11. Bh6 Qa5 12. Bxg7 Kxg7 13. exd5 cxd5 14. g4 e6 15. h4 Rb8 16. h5 Qb4 17. b3 Kg8 18. Kb2 a5 19. a3 Qe7 20. Qg5 Rb7 21. Bd3 Bd7 22. a4 Rc7 23. Qe5 Rfc8 24. hxg6 fxg6 25. g5 Rxc3 26. gxf6 Qf7 27. Rh6 d4 28. Bxg6 hxg6 29. Rdh1 Rxc2+ 30. Kb1 Rc1+ 31. Rxc1 Rxc1+ 32. Kxc1 Be8 33. Kd2 d3 34. f4 Bc6 35. Qb8+ Be8 36. Rh3 e5 37. Qxe5 Bd7 38. Rxd3 Be6 39. f5 gxf5 40. Rg3+ Kh7 41. Rg7+ 1-0

[Event "Hvar op"]
[Site "Hvar"]
[Date "2023.10.17"]
[Round "4"]
[White "Ozen, Deniz"]
[Black "Leszko, Bence"]
[Result "1/2-1/2"]
[WhiteElo "2382"]
[BlackElo "2218"]
[PlyCount "51"]
[EventDate "2023.10.15"]
[EventType "swiss"]
[EventRounds "9"]
[EventCountry "CRO"]
[SourceTitle "Mega2024 Update 01"]
[Source "Chessbase"]
[SourceDate "2023.11.12"]
[SourceVersion "1"]
[SourceVersionDate "2023.11.12"]
[SourceQuality "1"]

1. e4 c5 2. Nf3 Nc6 3. Bb5 e5 4. 0-0 Bd6 5. c3 a6 6. Ba4 b5 7. Bc2 Nf6 8. d3 0-0 9. a4 b4 10. Nbd2 Bc7 11. Nc4 d6 12. Bg5 Rb8 13. h3 Be6 14. Ne3 bxc3 15. bxc3 Ba5 16. Nd5 Bxd5 17. exd5 Ne7 18. Bxf6 gxf6 19. d4 Ng6 20. Qd3 cxd4 21. cxd4 Rc8 22. Qf5 Bc3 23. Rad1 Bxd4 24. Nxd4 exd4 25. Rxd4 Re8 26. Re4 1/2-1/2

[Event "Budapest FS10 IM"]
[Site "Budapest"]
[Date "2023.10.16"]
[Round "8"]
[White "Leszko, Bence"]
[Black "Balint, Vilmos"]
[Result "1-0"]
[WhiteElo "2218"]
[BlackElo "2183"]
[PlyCount "115"]
[EventDate "2023.10.07"]
[EventType "tourn"]
[EventRounds "9"]
[EventCountry "HUN"]
[EventCategory "2"]
[SourceTitle "Mega2024 Update 01"]
[Source "Chessbase"]
[SourceDate "2023.11.12"]
[SourceVersion "1"]
[SourceVersionDate "2023.11.12"]
[SourceQuality "1"]

1. c4 Nf6 2. Nc3 d5 3. cxd5 Nxd5 4. Nf3 g6 5. h4 h6 6. e4 Nxc3 7. dxc3 Qxd1+ 8. Kxd1 Bg7 9. Bc4 Nd7 10. Kc2 Nf6 11. Re1 c6 12. a4 Ng4 13. Re2 b6 14. Bf4 e5 15. Bg3 Ke7 16. Ne1 Be6 17. Bxe6 Kxe6 18. Nd3 h5 19. f3 Nh6 20. Nb4 a5 21. Nd3 f6 22. Bf2 Rhb8 23. b4 Bf8 24. Kb3 Nf7 25. g4 hxg4 26. fxg4 Nd6 27. Nb2 Be7 28. Rh1 b5 29. Bc5 axb4 30. cxb4 bxa4+ 31. Nxa4 Nb5 32. Ra2 Nd4+ 33. Kc4 Rb5 34. Rha1 Rab8 35. h5 gxh5 36. gxh5 Rxb4+ 37. Bxb4 Rxb4+ 38. Kd3 Rb8 39. Nc3 Rd8 40. Kc4 Nf3 41. Rd1 Rb8 42. Rb1 Rh8 43. Rb6 Rc8 44. h6 Nd4 45. Ne2 Nb5 46. Ng3 Nd6+ 47. Kd3 Rg8 48. Rg2 Nf7 49. h7 Rd8+ 50. Kc2 Rh8 51. Rd2 Nd8 52. Rb8 Rxh7 53. Nf5 Rh8 54. Rc8 Rf8 55. Rc7 Rf7 56. Rdd7 Bb4 57. Rxf7 Nxf7 58. Ng7+ 1-0

[Event "Hvar op"]
[Site "Hvar"]
[Date "2023.10.16"]
[Round "3"]
[White "Leszko, Bence"]
[Black "Ivanisevic, Ivan"]
[Result "1-0"]
[WhiteElo "2218"]
[BlackElo "2549"]
[PlyCount "115"]
[EventDate "2023.10.15"]
[EventType "swiss"]
[EventRounds "9"]
[EventCountry "CRO"]
[SourceTitle "Mega2024 Update 01"]
[Source "Chessbase"]
[SourceDate "2023.11.12"]
[SourceVersion "1"]
[SourceVersionDate "2023.11.12"]
[SourceQuality "1"]

1. e4 c5 2. Nf3 e6 3. g3 Nc6 4. Bg2 d5 5. exd5 exd5 6. d4 cxd4 7. Nxd4 Bc5 8. Nxc6 bxc6 9. 0-0 Nf6 10. Qe2+ Be6 11. Be3 Bb6 12. c4 0-0 13. c5 Bc7 14. Bd4 Re8 15. Qa6 Bd7 16. Nd2 h5 17. b4 h4 18. Rfe1 h3 19. Bf1 Nh7 20. Nf3 Re4 21. Rxe4 dxe4 22. Nd2 Bf5 23. Be3 Nf6 24. Qxc6 Ng4 25. Nc4 Rc8 26. Qa6 Be5 27. Rc1 Rc7 28. c6 Nxe3 29. Nxe3 Be6 30. Qa5 Qf6 31. b5 Rc8 32. Qxa7 Bd4 33. Qa5 Qg5 34. Qd2 Bb6 35. a4 Ra8 36. Bc4 Bg4 37. Be2 Rd8 38. Qxd8+ Qxd8 39. Bxg4 Qd2 40. Rd1 Qa2 41. Bxh3 Qxa4 42. Rc1 Qa7 43. Kg2 Qa3 44. Rc2 Qd6 45. Bf5 Qe5 46. Rc4 g6 47. Bxe4 f5 48. Bf3 g5 49. Nd5 g4 50. Nxb6 gxf3+ 51. Kxf3 Qc7 52. Nd5 Qe5 53. Ne3 Qxb5 54. c7 Qb7+ 55. Kf4 Qc8 56. Nxf5 Kh7 57. g4 Kh8 58. Rc6 1-0

[Event "Budapest Vezerkepzo IM-A 04"]
[Site "Budapest"]
[Date "2023.04.13"]
[Round "1"]
[White "Leszko, Bence"]
[Black "To, Nhat Minh"]
[Result "1/2-1/2"]
[WhiteElo "2240"]
[BlackElo "2354"]
[PlyCount "39"]
[EventDate "2023.04.13"]
[EventType "tourn"]
[EventRounds "9"]
[EventCountry "HUN"]
[SourceTitle "CBM 213 Extra"]
[Source "ChessBase"]
[SourceDate "2023.05.31"]
[SourceVersion "1"]
[SourceVersionDate "2023.05.31"]
[SourceQuality "1"]

1. d4 Nf6 2. c4 g6 3. Nc3 d5 4. Nf3 Bg7 5. Qb3 dxc4 6. Qxc4 0-0 7. e4 a6 8. e5 b5 9. Qb3 Nfd7 10. e6 fxe6 11. Ng5 Nb6 12. Nxe6 Bxe6 13. Qxe6+ Kh8 14. Be3 Qd6 15. Qxd6 cxd6 16. Be2 N8d7 17. h4 Nc4 18. Bxc4 bxc4 19. h5 Kg8 20. hxg6 1/2-1/2

[Event "Budapest SixDays 03 GM-A"]
[Site "Budapest"]
[Date "2023.03.24"]
[Round "1"]
[White "Leszko, Bence"]
[Black "Arfan, Aditya Bagus"]
[Result "1/2-1/2"]
[WhiteElo "2283"]
[BlackElo "2374"]
[PlyCount "86"]
[EventDate "2023.03.24"]
[EventType "tourn"]
[EventRounds "9"]
[EventCountry "HUN"]
[EventCategory "6"]
[SourceTitle "CBM 213 Extra"]
[Source "ChessBase"]
[SourceDate "2023.05.31"]
[SourceVersion "1"]
[SourceVersionDate "2023.05.31"]
[SourceQuality "1"]

1. e4 c6 2. Nf3 d5 3. Nc3 Bg4 4. h3 Bxf3 5. Qxf3 e6 6. d4 dxe4 7. Qxe4 Nf6 8. Qd3 Bd6 9. Bd2 Nbd7 10. Ne4 Be7 11. Be2 0-0 12. Nxf6+ Bxf6 13. 0-0 c5 14. Be3 cxd4 15. Bxd4 Qc7 16. Bxf6 Nxf6 17. Bf3 Rfd8 18. Qb3 Rac8 19. c3 b6 20. Rfd1 Nd7 21. Qc2 g6 22. Qe4 Nc5 23. Qe2 Na4 24. Qb5 Qf4 25. Bb7 Rb8 26. Rxd8+ Rxd8 27. g3 Qc7 28. Qxa4 Qxb7 29. Rd1 Rxd1+ 30. Qxd1 Qe4 31. h4 Kg7 32. b3 h6 33. c4 Kf6 34. Qc1 h5 35. b4 Ke7 36. a3 Qd4 37. Qg5+ Kd7 38. Qb5+ Kc7 39. Qa6 Kb8 40. a4 Qd1+ 41. Kg2 Qd7 42. Kg1 Qd1+ 43. Kg2 Qd7 1/2-1/2

[Event "EU-ch 23rd"]
[Site "Vrnjacka Banja"]
[Date "2023.03.11"]
[Round "9"]
[White "Leszko, Bence"]
[Black "Vujcic, Milena"]
[Result "1/2-1/2"]
[WhiteElo "2283"]
[BlackElo "2072"]
[PlyCount "95"]
[EventDate "2023.03.03"]
[EventType "swiss"]
[EventRounds "11"]
[EventCountry "SRB"]
[SourceTitle "CBM 213"]
[Source "ChessBase"]
[SourceDate "2023.04.30"]
[SourceVersion "1"]
[SourceVersionDate "2023.04.30"]
[SourceQuality "1"]

1. e4 e5 2. Nf3 Nc6 3. Bc4 Bc5 4. d4 exd4 5. Ng5 Nh6 6. Nxf7 Nxf7 7. Bxf7+ Kxf7 8. Qh5+ g6 9. Qxc5 d5 10. 0-0 dxe4 11. c3 Qd6 12. Qxd6 cxd6 13. cxd4 Nxd4 14. Nc3 Bf5 15. Bf4 Rac8 16. Bxd6 Rhd8 17. Be5 Nc2 18. Rac1 e3 19. fxe3 Nxe3 20. Rfe1 Nc4 21. Re2 Nxe5 22. Rxe5 Rd2 23. Rb5 b6 24. Rf1 Ke6 25. Re1+ Kd7 26. Ree5 Re8 27. Rbd5+ Rxd5 28. Rxd5+ Kc6 29. Kf2 a5 30. Rd4 g5 31. Rc4+ Kb7 32. Nb5 Be6 33. Rc7+ Kb8 34. Rxh7 Bxa2 35. Rh6 Rf8+ 36. Kg3 Kb7 37. Rg6 Rg8 38. Rxg8 Bxg8 39. Kg4 Kc6 40. Nc3 b5 41. Kxg5 b4 42. Ne2 a4 43. Kf4 Kc5 44. Ke3 Kc4 45. Nc1 a3 46. bxa3 bxa3 47. Kd2 Kd4 48. Kc2 1/2-1/2

[Event "EU-ch 23rd"]
[Site "Vrnjacka Banja"]
[Date "2023.03.10"]
[Round "8"]
[White "Pogorelskikh, Sofia"]
[Black "Leszko, Bence"]
[Result "1/2-1/2"]
[WhiteElo "2102"]
[BlackElo "2283"]
[PlyCount "43"]
[EventDate "2023.03.03"]
[EventType "swiss"]
[EventRounds "11"]
[EventCountry "SRB"]
[SourceTitle "CBM 213"]
[Source "ChessBase"]
[SourceDate "2023.04.30"]
[SourceVersion "1"]
[SourceVersionDate "2023.04.30"]
[SourceQuality "1"]

1. e4 c5 2. Nf3 Nc6 3. Bb5 Nf6 4. Bxc6 dxc6 5. d3 g6 6. Be3 b6 7. h3 Bg7 8. Nbd2 Nd7 9. Qc1 Nf8 10. 0-0 Ne6 11. Rd1 Nd4 12. Kh1 Ba6 13. Ng1 e5 14. c3 Ne6 15. Ndf3 0-0 16. Bh6 Qd6 17. Bxg7 Kxg7 18. Qe3 Rfd8 19. Rd2 Rd7 20. Rad1 Rad8 21. d4 cxd4 22. cxd4 1/2-1/2

[Event "EU-ch 23rd"]
[Site "Vrnjacka Banja"]
[Date "2023.03.07"]
[Round "5"]
[White "Horvat, Damjan"]
[Black "Leszko, Bence"]
[Result "1/2-1/2"]
[WhiteElo "2095"]
[BlackElo "2283"]
[PlyCount "68"]
[EventDate "2023.03.03"]
[EventType "swiss"]
[EventRounds "11"]
[EventCountry "SRB"]
[SourceTitle "CBM 213"]
[Source "ChessBase"]
[SourceDate "2023.04.30"]
[SourceVersion "1"]
[SourceVersionDate "2023.04.30"]
[SourceQuality "1"]

1. e4 c5 2. Nf3 e6 3. c4 Nc6 4. d4 cxd4 5. Nxd4 Nf6 6. Nc3 Qc7 7. Nxc6 dxc6 8. Be3 e5 9. Be2 Bb4 10. Qc2 Ng4 11. Bxg4 Bxg4 12. 0-0 0-0 13. a3 Be7 14. c5 Rad8 15. f3 Be6 16. b4 h6 17. Rfd1 Bg5 18. Bxg5 hxg5 19. Rxd8 Rxd8 20. Rd1 g4 21. Rd3 gxf3 22. gxf3 Qe7 23. Ne2 Qg5+ 24. Ng3 g6 25. Rxd8+ Qxd8 26. Qc3 Qd1+ 27. Kg2 f6 28. Nf1 Kg7 29. Qd2 Qxd2+ 30. Nxd2 Kh6 31. Kg3 Kg5 32. h4+ Kh5 33. Nf1 g5 34. hxg5 Kxg5 1/2-1/2

[Event "EU-ch 23rd"]
[Site "Vrnjacka Banja"]
[Date "2023.03.05"]
[Round "3"]
[White "Pajeken, Jakob Leon"]
[Black "Leszko, Bence"]
[Result "1/2-1/2"]
[WhiteElo "2465"]
[BlackElo "2283"]
[PlyCount "53"]
[EventDate "2023.03.03"]
[EventType "swiss"]
[EventRounds "11"]
[EventCountry "SRB"]
[SourceTitle "CBM 213"]
[Source "ChessBase"]
[SourceDate "2023.04.30"]
[SourceVersion "1"]
[SourceVersionDate "2023.04.30"]
[SourceQuality "1"]

1. e4 e5 2. Nf3 Nf6 3. Nc3 Bb4 4. Nxe5 0-0 5. Be2 Re8 6. Nd3 Bxc3 7. dxc3 Nxe4 8. 0-0 h6 9. Be3 Nc6 10. Nf4 d6 11. Bd3 Bf5 12. f3 Nf6 13. Bxf5 Rxe3 14. Qd2 Re5 15. g4 Qe7 16. Bd3 Re8 17. c4 d5 18. cxd5 Nxd5 19. Nxd5 Qc5+ 20. Qf2 Qxf2+ 21. Kxf2 Rxd5 22. Rae1 Kf8 23. Re3 Rd6 24. Be4 Nd8 25. f4 b6 26. b4 Ne6 27. h4 1/2-1/2

[Event "Budapest SixDays 01 IM-A"]
[Site "Budapest"]
[Date "2023.01.26"]
[Round "6"]
[White "Leszko, Bence"]
[Black "Magold, Filip"]
[Result "0-1"]
[WhiteElo "2298"]
[BlackElo "2230"]
[PlyCount "124"]
[EventDate "2023.01.23"]
[EventType "tourn"]
[EventRounds "9"]
[EventCountry "HUN"]
[SourceTitle "CBM 212 Extra"]
[Source "ChessBase"]
[SourceDate "2023.03.31"]
[SourceVersion "1"]
[SourceVersionDate "2023.03.31"]
[SourceQuality "1"]

1. e4 c5 2. Nf3 e6 3. g3 Nc6 4. Bg2 Nf6 5. Qe2 e5 6. 0-0 Be7 7. c3 0-0 8. d4 cxd4 9. cxd4 d5 10. exd5 Nxd4 11. Nxd4 exd4 12. Qc4 Qb6 13. Bf4 Bd7 14. Qb3 Bc5 15. Na3 Rfd8 16. Bg5 Rac8 17. Qxb6 Bxb6 18. Rfd1 h6 19. Bxf6 gxf6 20. b3 Bg4 21. Rd2 Bf5 22. Nc4 Bc5 23. a4 Bb4 24. Rxd4 Bc3 25. Rf4 Bxa1 26. Rxf5 Rc5 27. Rf4 b5 28. Ne3 Be5 29. Rg4+ Kf8 30. Rh4 bxa4 31. bxa4 Rb8 32. Bf1 Rb2 33. a5 Rd2 34. a6 Bd4 35. Rxh6 Bxe3 36. fxe3 Kg7 37. Rh4 Rcxd5 38. Rg4+ Kh6 39. Rb4 Ra5 40. Rf4 Kg6 41. Rf2 Raa2 42. Rxd2 Rxd2 43. Bc4 Kf5 44. Bxf7 Ke4 45. Be8 Rd6 46. Bb5 Kf3 47. e4 Rd1+ 48. Bf1 Ra1 49. h4 Kxg3 50. h5 Ra2 51. Bc4 Rc2 52. Bb5 Rc1+ 53. Bf1 Re1 54. h6 Rxe4 55. h7 Rh4 56. Bd3 Kg4 57. Kf2 f5 58. Bc4 Rxh7 59. Bd5 Rh2+ 60. Kf1 Kg3 61. Bb7 f4 62. Kg1 Ra2 0-1

[Event "Budapest SixDays 01 IM-A"]
[Site "Budapest"]
[Date "2023.01.25"]
[Round "5"]
[White "Heimisson, Hilmir Freyr"]
[Black "Leszko, Bence"]
[Result "1/2-1/2"]
[WhiteElo "2321"]
[BlackElo "2298"]
[PlyCount "211"]
[EventDate "2023.01.23"]
[EventType "tourn"]
[EventRounds "9"]
[EventCountry "HUN"]
[SourceTitle "CBM 212 Extra"]
[Source "ChessBase"]
[SourceDate "2023.03.31"]
[SourceVersion "1"]
[SourceVersionDate "2023.03.31"]
[SourceQuality "1"]

1. e4 e6 2. d4 d5 3. Nd2 c5 4. exd5 Qxd5 5. Ngf3 cxd4 6. Bc4 Qd7 7. 0-0 Nc6 8. Nb3 a6 9. Nbxd4 Nxd4 10. Qxd4 Qxd4 11. Nxd4 b5 12. Be2 Bb7 13. c4 bxc4 14. Bxc4 Nf6 15. Bb3 Bd6 16. Ba4+ Ke7 17. Re1 Bb4 18. Rd1 Rhc8 19. a3 Bd6 20. Bg5 h6 21. Bh4 g5 22. Bg3 Bxg3 23. hxg3 Bd5 24. Rac1 a5 25. Bb5 Rab8 26. a4 Kf8 27. f3 Ne8 28. Kf2 Nd6 29. Rh1 Kg7 30. g4 Nxb5 31. axb5 Rc4 32. Rxc4 Bxc4 33. Ra1 Bxb5 34. Rxa5 Bc4 35. b3 Bxb3 36. Nxb3 Rxb3 37. Ra7 Rb2+ 38. Kg3 Re2 39. Re7 Ra2 40. Rb7 Ra8 41. Rc7 Kg6 42. Re7 Rb8 43. Kf2 Rb4 44. Re8 Kg7 45. Kg3 Ra4 46. Re7 Ra8 47. Rb7 Rh8 48. Ra7 Kg6 49. Re7 h5 50. gxh5+ Rxh5 51. Re8 Kf6 52. Ra8 Rh4 53. Ra7 Rb4 54. Rc7 Kg6 55. Re7 Ra4 56. Rb7 f5 57. Rb8 Ra3 58. Rg8+ Kf6 59. Kf2 Ra7 60. Kg3 Rg7 61. Rf8+ Ke5 62. Ra8 g4 63. Ra5+ Kf6 64. Kf4 Rb7 65. Ra6 Rb2 66. Kg3 Kg5 67. Ra5 Rb3 68. Rc5 Rd3 69. Ra5 Rd5 70. f4+ Kf6 71. Ra3 Rd2 72. Rb3 Ra2 73. Re3 Ra6 74. Rb3 Ra4 75. Re3 Rb4 76. Rc3 Re4 77. Ra3 Ke7 78. Rd3 Ke8 79. Ra3 Kd7 80. Rd3+ Ke7 81. Rd2 Kf6 82. Rd3 Kg6 83. Rd1 Re2 84. Rd7 Re3+ 85. Kh4 Kf6 86. Ra7 Rb3 87. Rc7 Rb1 88. Kg3 Re1 89. Ra7 Rf1 90. Rb7 Ra1 91. Rc7 Ra8 92. Rb7 Re8 93. Ra7 e5 94. fxe5+ Rxe5 95. Ra8 Re6 96. Kf4 Re4+ 97. Kg3 Rb4 98. Rf8+ Ke6 99. Re8+ Kf7 100. Ra8 Re4 101. Ra6 Re6 102. Ra8 Kf6 103. Kf4 Re4+ 104. Kg3 Ke5 105. Ra5+ Kf6 106. Ra8 1/2-1/2

[Event "Budapest SixDays 01 IM-A"]
[Site "Budapest"]
[Date "2023.01.25"]
[Round "4"]
[White "Leszko, Bence"]
[Black "Szeberenyi, Adam"]
[Result "1/2-1/2"]
[WhiteElo "2298"]
[BlackElo "2331"]
[PlyCount "44"]
[EventDate "2023.01.23"]
[EventType "tourn"]
[EventRounds "9"]
[EventCountry "HUN"]
[SourceTitle "CBM 212 Extra"]
[Source "ChessBase"]
[SourceDate "2023.03.31"]
[SourceVersion "1"]
[SourceVersionDate "2023.03.31"]
[SourceQuality "1"]

1. d4 Nf6 2. c4 e6 3. Nf3 Bb4+ 4. Nbd2 a5 5. g3 b6 6. Bg2 Bb7 7. 0-0 0-0 8. Qc2 Bxd2 9. Bxd2 Be4 10. Qc3 d6 11. Rac1 Nbd7 12. Rfd1 Qe7 13. Bg5 h6 14. Bxf6 Nxf6 15. Qe3 Rfd8 16. b3 c5 17. Rd2 Rac8 18. Nh4 Bxg2 19. Nxg2 d5 20. dxc5 Rxc5 21. Rcd1 Rd7 22. cxd5 Rcxd5 1/2-1/2

[Event "Budapest SixDays 01 IM-A"]
[Site "Budapest"]
[Date "2023.01.24"]
[Round "3"]
[White "Taragan, Uri"]
[Black "Leszko, Bence"]
[Result "0-1"]
[WhiteElo "1733"]
[BlackElo "2298"]
[PlyCount "56"]
[EventDate "2023.01.23"]
[EventType "tourn"]
[EventRounds "9"]
[EventCountry "HUN"]
[SourceTitle "CBM 212 Extra"]
[Source "ChessBase"]
[SourceDate "2023.03.31"]
[SourceVersion "1"]
[SourceVersionDate "2023.03.31"]
[SourceQuality "1"]

1. d4 d5 2. c4 Nc6 3. Nc3 e6 4. cxd5 exd5 5. Bf4 Nf6 6. e3 Bd6 7. Bxd6 Qxd6 8. a3 0-0 9. Bd3 Re8 10. Nge2 Ne7 11. Qc2 c6 12. Nf4 Ng6 13. Nxg6 hxg6 14. h3 b6 15. b4 a5 16. Rb1 axb4 17. axb4 Bd7 18. 0-0 Qe7 19. Na4 Reb8 20. b5 cxb5 21. Bxb5 Bf5 22. e4 dxe4 23. Rbc1 Ra5 24. Qb2 Nh5 25. d5 Nf4 26. Kh1 Nxd5 27. Rfd1 Nf4 28. Rc3 Nd3 0-1

[Event "Budapest Vezerkepzo GM 12"]
[Site "Budapest"]
[Date "2022.12.23"]
[Round "9"]
[White "Leszko, Bence"]
[Black "Krishnater, Kushager"]
[Result "0-1"]
[WhiteElo "2298"]
[BlackElo "2410"]
[PlyCount "78"]
[EventDate "2022.12.14"]
[EventType "tourn"]
[EventRounds "9"]
[EventCountry "HUN"]
[EventCategory "6"]
[SourceTitle "CBM 211 Extra"]
[Source "ChessBase"]
[SourceDate "2023.01.31"]
[SourceVersion "1"]
[SourceVersionDate "2023.01.31"]
[SourceQuality "1"]

1. e4 c5 2. Nf3 Nc6 3. Nc3 e5 4. Bc4 Be7 5. d3 d6 6. 0-0 Nf6 7. a4 0-0 8. Bg5 Kh8 9. h3 a6 10. Re1 Rb8 11. Bxf6 Bxf6 12. Nd5 Be7 13. Nxe7 Qxe7 14. c3 Qf6 15. d4 Ne7 16. Bf1 b6 17. Qd3 exd4 18. cxd4 Nc6 19. e5 dxe5 20. dxe5 Qf4 21. Re4 Qf5 22. Qe3 Nb4 23. Nh4 Qd7 24. Qg3 Qd2 25. Bc4 Be6 26. Bxe6 fxe6 27. Nf3 Qxb2 28. Rae1 Nd3 29. R1e3 Rbd8 30. Rh4 Kg8 31. Rg4 Rd7 32. h4 b5 33. h5 h6 34. Rg6 Nf4 35. Rxh6 Rd1+ 36. Kh2 Qb1 37. Qg5 Rh1+ 38. Kg3 Qf1 39. Nh4 Rxh4 0-1

[Event "Budapest Vezerkepzo GM 12"]
[Site "Budapest"]
[Date "2022.12.20"]
[Round "6"]
[White "Juhasz, Agoston Botond"]
[Black "Leszko, Bence"]
[Result "1-0"]
[WhiteElo "2314"]
[BlackElo "2298"]
[PlyCount "53"]
[EventDate "2022.12.14"]
[EventType "tourn"]
[EventRounds "9"]
[EventCountry "HUN"]
[EventCategory "6"]
[SourceTitle "CBM 211 Extra"]
[Source "ChessBase"]
[SourceDate "2023.01.31"]
[SourceVersion "1"]
[SourceVersionDate "2023.01.31"]
[SourceQuality "1"]

1. e4 c5 2. Nf3 a6 3. c4 Nc6 4. d4 cxd4 5. Nxd4 e5 6. Nf5 d5 7. cxd5 Bxf5 8. exf5 Nd4 9. Nc3 Nf6 10. Bg5 Be7 11. Bxf6 Bxf6 12. Bd3 0-0 13. 0-0 b5 14. Qg4 Kh8 15. Ne4 Rc8 16. d6 g6 17. fxg6 hxg6 18. f4 Nf5 19. Nxf6 Qxf6 20. fxe5 Qxe5 21. Bxf5 gxf5 22. Qh4+ Kg7 23. d7 Qe3+ 24. Kh1 Rcd8 25. Rf3 Qh6 26. Qd4+ f6 27. Rg3+ 1-0

[Event "Vecindario Montalvo Memorial 14th"]
[Site "Vecindario"]
[Date "2022.09.09"]
[Round "7"]
[White "Leszko, Bence"]
[Black "Romero Calduch, Sergio"]
[Result "0-1"]
[WhiteElo "2278"]
[BlackElo "2233"]
[PlyCount "108"]
[EventDate "2022.09.04"]
[EventType "swiss"]
[EventRounds "9"]
[EventCountry "ESP"]
[SourceTitle "CBM 210 Extra"]
[Source "ChessBase"]
[SourceDate "2022.11.30"]
[SourceVersion "1"]
[SourceVersionDate "2022.11.30"]
[SourceQuality "1"]

1. e4 c6 2. Nf3 d5 3. Nc3 Bg4 4. h3 Bxf3 5. Qxf3 e6 6. d4 dxe4 7. Qxe4 Nf6 8. Qd3 Na6 9. a3 Nc7 10. Be2 Bd6 11. Bf3 Ncd5 12. Ne2 Ne7 13. 0-0 Ng6 14. b4 0-0 15. Bb2 Nh4 16. c4 Nxf3+ 17. Qxf3 a5 18. bxa5 Rxa5 19. Qb3 Ra7 20. Rfd1 Qe7 21. a4 Rfa8 22. Bc1 Qe8 23. Nc3 Bc7 24. Be3 Ba5 25. Ne2 b6 26. Ng3 h6 27. Bf4 Qe7 28. Qf3 c5 29. dxc5 bxc5 30. Bd6 Qb7 31. Qe3 Bc7 32. Bxc5 Rxa4 33. Rac1 Qc6 34. Bd4 e5 35. Bb2 Rxc4 36. Nf5 Rxc1 37. Rxc1 Qd7 38. g4 Re8 39. Qf3 Re6 40. Qa8+ Kh7 41. Qf8 Ne8 42. Ba3 Bd8 43. Rc3 Bf6 44. Rg3 e4 45. Kg2 Qb7 46. Re3 Bg5 47. h4 Bxe3 48. fxe3 h5 49. Be7 Qb2+ 50. Kg3 Qe2 51. Qxf7 Qxg4+ 52. Kf2 Qg6 53. Qf8 Rf6 54. Bxf6 Qxf5+ 0-1

[Event "Trnava Reti Memorial IM"]
[Site "Trnava"]
[Date "2022.08.11"]
[Round "2"]
[White "Papp, Levente"]
[Black "Leszko, Bence"]
[Result "1/2-1/2"]
[WhiteElo "2394"]
[BlackElo "2244"]
[PlyCount "52"]
[EventDate "2022.08.10"]
[EventType "tourn"]
[EventRounds "9"]
[EventCountry "SVK"]
[EventCategory "1"]
[SourceTitle "CBM 209 Extra"]
[Source "ChessBase"]
[SourceDate "2022.09.30"]
[SourceVersion "1"]
[SourceVersionDate "2022.09.30"]
[SourceQuality "1"]

1. Nf3 d5 2. g3 Nf6 3. Bg2 e6 4. 0-0 Be7 5. c4 c5 6. cxd5 exd5 7. d4 0-0 8. Nc3 c4 9. Ne5 Nc6 10. Bf4 Bf5 11. e3 Rc8 12. g4 Be6 13. Bg3 Nxe5 14. dxe5 Nxg4 15. Nxd5 Bh4 16. Nf4 Bxg3 17. hxg3 Nxe5 18. Qd4 Qxd4 19. exd4 Nd3 20. Nxd3 cxd3 21. Rfd1 Bf5 22. Bf1 Rc2 23. Bxd3 Bxd3 24. Rxd3 Rxb2 25. d5 Rd8 26. Rc1 Rxa2 1/2-1/2